000 00443nam a2200169Ia 4500
003 LK-CoDNM
008 010623t1913 xxu||||| |||| 00| 1 eng d
040 _aLK-CoDNM
_dLK-CoDNM
_eLK-CoDNM
041 _aeng
080 _a50
_bC7
245 _aTest Match Cricket in Ceylon : Europeans vs Ceylonese
260 _bBoys Industrial Home
_aWellawaththa
_c1913
300 _b20P,8ill., 20 cm
650 _aReports
650 _aSports
942 _cBK
999 _c87729
_d87729